| 000 | 01266cam a2200361 a 4500 | ||
|---|---|---|---|
| 001 | 4032747 | ||
| 003 | NUST | ||
| 005 | 20220306132204.0 | ||
| 008 | 980218s1998 nyu 000 1 eng | ||
| 010 | _a 98013570 | ||
| 020 |
_a031286650X (acidfree paper) : _c$21.95 ($29.95 Can.) |
||
| 038 | _awaseem | ||
| 040 |
_aDLC _cDLC _dDLC _dOCoLC _dDLC |
||
| 043 | _an-us-wa | ||
| 050 | 0 | 0 |
_aPS3552.R82 _bD68 1998 |
| 082 | 0 | 0 |
_a813.54 _bBRU |
| 100 | 1 |
_aBruno, Anthony. _990369 |
|
| 245 | 1 | 0 |
_aDouble espresso / _cAnthony Bruno. |
| 250 | _a1st ed. | ||
| 260 |
_aNew York : _bForge, _c1998. |
||
| 300 |
_a254 p. ; _c22 cm. |
||
| 500 | _a"A Tom Doherty Associates book." | ||
| 563 | _aHBK. | ||
| 650 | 0 |
_aParole officers _xFiction. _990370 |
|
| 650 | 0 |
_aOrganized crime _xFiction. _990371 |
|
| 651 | 0 |
_aSeattle (Wash.) _xFiction. _990372 |
|
| 655 | 7 |
_aDetective and mystery stories. _2gsafd _990373 |
|
| 655 | 7 |
_aAdventure stories. _2gsafd _990374 |
|
| 856 | 4 | 2 |
_3Contributor biographical information _uhttp://www.loc.gov/catdir/bios/hol055/98013570.html |
| 906 |
_a7 _bcbc _corignew _d1 _eocip _f19 _gy-gencatlg |
||
| 942 |
_2ddc _cBK |
||
| 999 |
_c588620 _d588620 |
||